Data Structures Using C (Record no. 628)

MARC details
000 -LEADER
fixed length control field 00397nam a2200169Ia 4500
008 - FIXED-LENGTH DATA ELEMENTS--GENERAL INFORMATION
fixed length control field 221030s9999 xx 000 0 und d
020 ## - INTERNATIONAL STANDARD BOOK NUMBER
ISBN 8129704722
041 ## - LANGUAGE CODE
Language code of text/sound track or separate title
082 ## - DEWEY DECIMAL CLASSIFICATION NUMBER
Classification number 105.23
Item number Ban
100 ## - MAIN ENTRY--AUTHOR NAME
Personal name S. K. Bandyopadhyay
245 #0 - TITLE STATEMENT
Title Data Structures Using C
260 ## - PUBLICATION, DISTRIBUTION, ETC. (IMPRINT)
Name of publisher Pearson Education
Place of publication Delhi
Year of publication 2005
300 ## - PHYSICAL DESCRIPTION
Number of Pages 312
650 ## - SUBJECT ADDED ENTRY--TOPICAL TERM
Topical Term Computers
700 ## - ADDED ENTRY--PERSONAL NAME
Personal name K. N. Dey
942 ## - ADDED ENTRY ELEMENTS (KOHA)
Koha item type Books
Holdings
Accession Number Full call number Price effective from Koha item type Withdrawn / writtenoff status Materials specified (bound volume or other part) Damaged status Not for loan Permanent Location Current Location Shelving location Date acquired Lost/ Missing status department Cost, normal purchase price
M 745 105.23 Ban 10/30/2022 Books   Print     MIET Library, Jammu MIET Library, Jammu BL-Academic Block- B, FL-2, CUP-123, SH-3, R-3 04/07/2006   MCA  
M 1028 105.23 Ban 10/30/2022 Books   Print     MIET Library, Jammu MIET Library, Jammu BL-Second, FL-1, CUP-98, SH-6, R-6 09/09/2006   MCA 150.00
M 1029 105.23 Ban 10/30/2022 Books   Print     MIET Library, Jammu MIET Library, Jammu BL-Academic Block- B, FL-2, CUP-98, SH-6, R-6 09/09/2006   MCA 150.00